Význam výuky finanční gramotnosti pro gymnazisty v ČR

Gymnaziálna úroveň vzdelávania a poslanie gymnázií v školskej sústave ČR. Ekonomická a finančná gramotnosť ako súčasť všeobecného vzdelania. Systém budovania finančnej gramotnosti na základných a stredných školách v ČR.

Saved in:
Bibliographic Details
Main Author: Asztalos, Ondřej
Format: Book Chapter
Language:Czech
Subjects:
Tags: Add Tag
No Tags, Be the first to tag this record!

MARC

LEADER 00000nla$a2200000$$$4500
001 0142087
005 20221107084207.9
041 0 |a cze 
044 |a SK 
245 1 0 |a Význam výuky finanční gramotnosti pro gymnazisty v ČR  |c Ondřej Asztalos 
520 |a Gymnaziálna úroveň vzdelávania a poslanie gymnázií v školskej sústave ČR. Ekonomická a finančná gramotnosť ako súčasť všeobecného vzdelania. Systém budovania finančnej gramotnosti na základných a stredných školách v ČR. 
610 2 0 |a Česko 
610 2 0 |a školy stredné 
610 2 0 |a sústava výchovno-vzdelávacia 
610 2 0 |a plán učebný 
610 2 0 |a politika vzdelávania 
610 2 0 |a predmety učebné 
610 2 0 |a gramotnosť finančná 
610 2 0 |a kvalita vzdelávania 
610 2 0 |a efektívnosť vzdelávania 
100 1 |a Asztalos, Ondřej